Educar els 3 primers anys : l'experiència de Lóczy / a cura de Judit Falk ; traducció de Matilde Martínez i Jeroni Miguel l'experiència de Lóczy / a cura de Judit Falk ; traducció de Matilde Martínez i Jeroni Miguel
Descripción Física:
57 p. ; 22 cm
Colección:
Temes d'infància ; 18
Materias:
Educació infantil
MARC
| LEADER | 00000nam a2200000Ia 4500 | ||
|---|---|---|---|
| 001 | 9554 | ||
| 008 | 160829s1991 xx 000 0 cat d | ||
| 080 | |a E-1-195 | ||
| 100 | |a Falk, Judit |9 29184 | ||
| 245 | |a Educar els 3 primers anys : |b l'experiència de Lóczy / a cura de Judit Falk ; traducció de Matilde Martínez i Jeroni Miguel | ||
| 260 | |a Barcelona : |b A.A.P.S.A. Rosa Sensat : |b Diputació de Barcelona, |c 1991 | ||
| 300 | |a 57 p. ; |c 22 cm | ||
| 490 | |a Temes d'infància ; 18 | ||
| 650 | |a Educació infantil |9 29154 | ||
| 700 | |a Martínez, Matilde, tr. |9 29185 | ||
| 700 | |a Miguel, Jeroni, tr. |9 29186 | ||
| 710 | 2 | |a Rosa Sensat (Associació) |9 54183 | |
| 901 | |a Arxiu | ||
| 942 | |n 1 | ||
| 952 | |0 0 |1 0 |4 0 |6 E1195 |7 1 |9 45092 |a Arxiu |b Arxiu |d 2016-12-01 |l 0 |o E-1-195 |p 9554 |r 2016-12-01 00:00:00 |w 2016-12-01 |y ARXIU | ||
| 999 | |c 47712 |d 47712 | ||